<?xml version="1.0" encoding="UTF-8"?>
<record
    xmlns:xsi="http://www.w3.org/2001/XMLSchema-instance"
    xsi:schemaLocation="http://www.loc.gov/MARC21/slim http://www.loc.gov/standards/marcxml/schema/MARC21slim.xsd"
    xmlns="http://www.loc.gov/MARC21/slim">

  <leader>03924    a2200253   4500</leader>
  <controlfield tag="003">Nust</controlfield>
  <controlfield tag="005">20170207154052.0</controlfield>
  <datafield tag="010" ind1=" " ind2=" ">
    <subfield code="a">  2008045554</subfield>
  </datafield>
  <datafield tag="020" ind1=" " ind2=" ">
    <subfield code="a">0470340150 (cloth)</subfield>
  </datafield>
  <datafield tag="020" ind1=" " ind2=" ">
    <subfield code="a">9780470340158 (cloth)</subfield>
  </datafield>
  <datafield tag="035" ind1=" " ind2=" ">
    <subfield code="a">(OCoLC)ocn255894399</subfield>
  </datafield>
  <datafield tag="040" ind1=" " ind2=" ">
    <subfield code="c">Nust</subfield>
  </datafield>
  <datafield tag="082" ind1="0" ind2="0">
    <subfield code="a">658.15224</subfield>
  </datafield>
  <datafield tag="100" ind1="1" ind2=" ">
    <subfield code="a">Eugene A. Scanlan.</subfield>
  </datafield>
  <datafield tag="245" ind1="1" ind2="0">
    <subfield code="a">Fundraising consultants (E-Book)</subfield>
    <subfield code="b">a guide for nonprofit organizations /</subfield>
    <subfield code="c">Eugene A. Scanlan.</subfield>
  </datafield>
  <datafield tag="260" ind1=" " ind2=" ">
    <subfield code="a">Hoboken, N.J. :</subfield>
    <subfield code="b">Wiley,</subfield>
    <subfield code="c">c2009.</subfield>
  </datafield>
  <datafield tag="300" ind1=" " ind2=" ">
    <subfield code="a">xxviii, 210 p. ;</subfield>
    <subfield code="c">24 cm.</subfield>
  </datafield>
  <datafield tag="500" ind1=" " ind2=" ">
    <subfield code="a">"The AFP fund development series"--P. v.</subfield>
  </datafield>
  <datafield tag="505" ind1="0" ind2=" ">
    <subfield code="a">Cover -- Contents -- Acknowledgments -- About the Author -- Introduction -- Busboy's Holiday -- About This Book -- Growth of the Consulting Field -- A Variety of Consultants and Styles -- Successful Consulting -- Breaking News: Laws to Give You Pause -- CHAPTER 1: No, We Don't Need a Consultant! -- Summary -- CHAPTER 2: Yes, We Really Need a Consultant! -- Summary -- CHAPTER 3: What Should We Do First? -- Step One: Know Your Organization -- Step Two: Identify Your Organization's Real Needs -- The Next Internal Steps -- Some Possible Alternative Arrangements -- Summary -- CHAPTER 4: The Request for Proposal : A Short Introduction -- The Written External RFP -- The Written Internal RFP -- The Unwritten Consensus RFP -- Advantages of the Internal RFP and RFP Contents -- Summary -- CHAPTER 5: Finding Consultants : Where Are They? -- They're Everywhere, They're Everywhere! -- Using Your Own Organization as a Source -- Asking Other Organizations -- Using Workshops, Seminars, and Conferences as Sources -- Professional Organizations as Sources -- Professional Organizations of Consultants as Sources -- Using the Internet -- Summary -- CHAPTER 6: Information, Please! -- Three Ways to Find Consultants: A Quick Review -- Using the Consultant's Web Site or Printed Materials -- Using Examples of the Consultant's Work -- Reference Checks as Critical Sources -- Using Informal Contacts with Colleagues -- Using Colleagues Active in Professional Associations -- Using an Online Search Engine -- Summary -- CHAPTER 7: The Proposal for Services -- Overview of Proposals -- Objectives of Proposals -- A Sample Proposal Outline -- Analyzing the Proposal's Content -- Who Does What -- Confidentiality -- Fee and Expense Structures in Proposals -- Timelines -- Who Will Deliver the Services? -- Reviewing and Editing Materials -- Registration and Contract Filing Issues -- Legal or Ethical Disclosure -- Solicitor Registration -- Product/Outcome Definition -- Seeking a Revised Proposal and Negotiating -- Summary -- CHAPTER 8: The Interview -- Overview of Interviews -- Focus of Preproposal Interviews -- Focus of Postproposal Interviews -- Alternative Interview Methods -- Summary -- CHAPTER 9: Selection and the Contract -- Importance of Group Process -- Contract Preparation Alternatives -- Contents of Consultant-Prepared Contracts -- Review of Contracts by Attorneys -- Summary -- CHAPTER 10: Working with Your Consultant -- Keeping Focused on the Project -- Consulting Partnerships -- The Staff Trap -- The First Day and First Steps -- Materials for Review -- Sharing Unwritten Information -- Working Arrangements -- Timelines and Meeting Review -- Procedures Defined -- Defining a Process for Written Materials Review -- The Case -- Letter of Invitation to Prospective Interviewees -- Interview Questionnaire -- Campaign Materials -- Policies and Procedures -- Meeting Materials -- Training Materials -- Prospecting Materials -- Other Written Materials -- Consultants as Creative Resources -- Events -- General Advice and Counsel -- Some General Considerations -- Keeping the Consultant Informed -- Planning and Scheduling -- Meetings and Conference Calls</subfield>
  </datafield>
  <datafield tag="650" ind1=" " ind2="0">
    <subfield code="a">Fund raising.</subfield>
  </datafield>
  <datafield tag="650" ind1=" " ind2="0">
    <subfield code="a">Nonprofit organizations</subfield>
    <subfield code="x">Finance.</subfield>
  </datafield>
  <datafield tag="651" ind1=" " ind2=" ">
    <subfield code="a">Fundraising consultants (E-Book)</subfield>
  </datafield>
  <datafield tag="830" ind1=" " ind2="0">
    <subfield code="a">AFP fund development series.</subfield>
  </datafield>
  <datafield tag="942" ind1=" " ind2=" ">
    <subfield code="2">ddc</subfield>
    <subfield code="c">BK</subfield>
  </datafield>
  <datafield tag="999" ind1=" " ind2=" ">
    <subfield code="c">193147</subfield>
    <subfield code="d">193147</subfield>
  </datafield>
  <datafield tag="952" ind1=" " ind2=" ">
    <subfield code="0">0</subfield>
    <subfield code="1">0</subfield>
    <subfield code="2">ddc</subfield>
    <subfield code="4">0</subfield>
    <subfield code="7">0</subfield>
    <subfield code="8">NFIC</subfield>
    <subfield code="a">MCS</subfield>
    <subfield code="b">MCS</subfield>
    <subfield code="d">2016-12-12</subfield>
    <subfield code="l">0</subfield>
    <subfield code="o">658.15224  SCA</subfield>
    <subfield code="p">MCSEB-2876</subfield>
    <subfield code="r">2016-12-08</subfield>
    <subfield code="w">2016-12-12</subfield>
    <subfield code="y">BK</subfield>
  </datafield>
</record>
